Indian education : (Record no. 142559)

MARC details
000 -LEADER
fixed length control field 00683nam a22002057a 4500
005 - DATE AND TIME OF LATEST TRANSACTION
control field 20170713164238.0
010 ## - LCCN (DPL NO)
LC control number ENG-119181
020 ## - INTERNATIONAL STANDARD BOOK NUMBER
International Standard Book Number 9788175417816
Terms of availability 350.00
035 ## - SYSTEM CONTROL NUMBER
System control number EN-102713
037 ## - SOURCE OF ACQUISITION
Source of stock number/acquisition DBAD/PUB
082 ## - DEWEY DECIMAL CLASSIFICATION NUMBER
Classification number 370.954
245 ## - TITLE STATEMENT
Title Indian education :
Statement of responsibility, etc edited by Marmar Mukhopadyay [and] Madhu Parhar
260 ## - PUBLICATION, DISTRIBUTION, ETC. (IMPRINT)
Place of publication, distribution, etc Delhi
Name of publisher, distributor, etc Shipra Publications
Date of publication, distribution, etc 2016
270 ## - ADDRESS
Address LG-18-19,Pankaj Central Market,I.P.Ext. Patparganj
City Delhi
Postal code 110092
300 ## - PHYSICAL DESCRIPTION
Extent viii,327p.:
Dimensions 23cm(pbk)
Other physical details ill
500 ## - GENERAL NOTE
General note Includes references,bibliographical references and index
700 ## - ADDED ENTRY--PERSONAL NAME
Personal name Mukhopadyay,Marmar
700 ## - ADDED ENTRY--PERSONAL NAME
Personal name Parhar,Madhu
942 ## - ADDED ENTRY ELEMENTS (KOHA)
Source of classification or shelving scheme Dewey Decimal Classification
Item type English Books
Call number suffix IND
Classification part 370.954
Holdings
Withdrawn status Lost status Not for loan Collection code Home library Current library Date acquired Source of acquisition Cost, normal purchase price Full call number Barcode Copy number Cost, replacement price Koha item type
    Not For Loan Non-fiction D.B.Act.Division Bawana 13/07/2017 DBAD/PUB 350.00 370.954 IND EN-102713 1 370.00 English Books

© Delhi Public Library
Hit Counter
free hit counter